| 000 | 00437nam a2200169Ia 4500 | ||
|---|---|---|---|
| 008 | 230524s9999 xx 000 0 und d | ||
| 020 | _a9788126518104 | ||
| 082 |
_a621.3819584 _bBLA |
||
| 100 |
_aThomas R. Blakeslee _941967 |
||
| 245 | 0 | _aDigital Design with Standard MSI & LSI | |
| 250 | _a1 | ||
| 260 |
_aNew Delhi _bWiley India _c2008 |
||
| 300 | _a381p; | ||
| 500 | _aQuantity Number: 1 | ||
| 650 | _aElectronics | ||
| 942 | _cBK | ||
| 999 |
_c56382 _d56382 |
||